Les Meilleurs buteurs de la Ligue 1 2012-2013 - Statistiques

Statistiques générales
  • Ce quiz a été pris 61 fois
  • Le résultat moyen est 5 sur 10
Statistiques - réponses
Buts Nationalité Club Joueur % Correct
30 Suède Paris Saint-Germain Zlatan Ibrahimović
100%
19 Gabon AS Saint-Étienne Pierre-Emerick Aubameyang
95%
13 France Olympique de Marseille André-Pierre Gignac
75%
15 France Toulouse FC Wissam Ben Yedder
74%
16 France Olympique lyonnais Bafétimbi Gomis
61%
14 Côte d'Ivoire Lille OSC Salomon Kalou
46%
13 Tunisie Évian TG Saber Khalifa
35%
19 Argentine OGC Nice Darío Cvitanich
32%
15 France FC Lorient Jérémie Aliadière
21%
15 France SC Bastia Anthony Modeste
7%
Aucun quiz correspondant
Distribution des résultats
% des personnes avec chaque résultat
Percentile par nombre de réponses
Votre historique - résultats
Vous n’avez pas pris ce quiz